Das Gebiet Bordzichow am mittleren Schwarzwasser und seine Siedlungen bis zum ausgang des 18. Jahrhunderts

Titel: Das Gebiet Bordzichow am mittleren Schwarzwasser und seine Siedlungen bis zum ausgang des 18. Jahrhunderts / Ernst Bahr
Verfasser:
In: Beiträge zur Geschichte Westpreußens, Band 3 (1970), Seite 107-137
alle Artikel anzeigen
Veröffentlicht: 1970
Format: Aufsatz
Sprache: Deutsch
Kein Bild verfügbar
X
Lokale Klassifikation: 33 8 B 36
alg: 13370201
001A    $03004:27-10-05 
001B    $01999:22-11-16 $t00:14:12.000 
001C    $06050:13-03-07 $t10:01:46.000 
001D    $03004:27-10-05 
001U    $0utf8 
001X    $00 
002@    $0Aou 
003@    $0133702014 
007A    $0133702014 $aHEB 
007T    $0Herdhh133702014 
010@    $ager 
011@    $a1970 
021A    $aDas @Gebiet Bordzichow am mittleren Schwarzwasser und seine Siedlungen bis zum ausgang des 18. Jahrhunderts $hErnst Bahr 
028A    $7 $8Bahr, Ernst [Tnx] $9161726119 
031A    $d3 $h107-137 $j1970 
039B    $aIn $8--Abvc--. Beiträge zur Geschichte Westpreußens. - Münster, Westf. : Nicolaus-Copernicus-Verl., 1967-2008. - ISSN 0341-9436 $x197000000030000893 $9046826319 
045T    $a8,1 

lok: 13370201 24
101B    $027-10-05 $t15:29:30.000 
101C    $027-10-05 
145Z/01 $a33 8 B 36 
101U    $0utf8 

exp: 13370201 24 1 #EPN
201B/01 $027-10-05 $t15:29:31.000 
201C/01 $027-10-05 
203@/01 $0311450512 
208@/01 $a27-10-05 $br 
209A/01 $aS 2073 $du $f050 $hS 2073 $x00 
209C/01 $aG 73.705 $h73 0705 G 
220C/01 $aHo-Sz 
247C/01 $8358050-7 Marburg, Bibliothek des Herder-Instituts Marburg $9102600961 
201U/01 $0utf8 

lok: 13370201 78

exp: 13370201 78 1 #EPN
201B/01 $019-04-17 $t19:52:39.000 
201U/01 $0utf8 
203@/01 $0794073085 
208@/01 $a12-11-16 $be 
209A/01 $a/ $f000 $x00 
237A/01 $aweiterführende Signatur(en): Herder-Institut: S 2073 
244Z/01 $2Trx $#Prusy Wschodnie i Zachodnie $8--Trx--Ost- und Westpreußen $x01 $939113373X 
247C/01 $82080>Marburg/Lahn, Herder-Institut, Forschungsbibliothek, Bibliographieportal $9336309341
LEADER 00000caa a2200000 c 4500
001 133702014
003 DE-603
005 20161122001412.0
007 tu
008 051027s1970 xx |||| | u00||u|ger c
035 |a (DE-599)HEB133702014 
040 |a DE-603  |b ger  |c DE-603  |d DE-603 
041 |a ger 
084 |a 8,1  |2 ssgn 
100 1 |a Bahr, Ernst  |0 (DE-603)161726119 
245 0 0 |a ˜Dasœ Gebiet Bordzichow am mittleren Schwarzwasser und seine Siedlungen bis zum ausgang des 18. Jahrhunderts  |c Ernst Bahr 
264 0 |c 1970 
773 0 8 |i In  |t Beiträge zur Geschichte Westpreußens  |d Münster, Westf. : Nicolaus-Copernicus-Verl., 1967-2008  |h 24 cm  |x 0341-9436  |g Band 3 (1970), Seite 107-137  |w (DE-603)046826319  |w (DE-600)731-6 
924 0 |9 Mb 50  |a (DE-603)311450512  |b DE-Mb50  |c HES  |d c  |g S 2073 
924 0 |9 2080  |a (DE-603)794073085  |b DE-2080  |c HES  |d d  |g /